| 000 | 01924cam a22003611ia4500 | ||
|---|---|---|---|
| 003 | SA-RiAUC | ||
| 005 | 20251224131248.0 | ||
| 008 | 251222s2000 ua g b f00000 ara c | ||
| 020 | _a9771801783 | ||
| 040 |
_aSA-JuJU _bara _cSA-RiAUC _erda |
||
| 082 | 0 | 4 |
_a228.1 _qSA-RiAUC |
| 090 |
_a228.1 _b ا ب و ع |
||
| 100 | 1 |
_aأبو علي الفارسي، الحسن بن أحمد بن عبد الغفار، _d288-377 هجري _eمؤلف. |
|
| 245 | 1 | 2 |
_aالحجة في علل القراءات السبع / _cتأليف أبي علي الحسن بن أحمد الفارسي ؛ تحقيق علي النجدي ناصف، عبد الحليم النجار، عبد الفتاح إسماعيل شلبي ؛ مراجعة محمد علي النجار. |
| 250 | _aالطبعة الثالثة. | ||
| 264 | 1 |
_aالقاهرة : _bدار الكتب والوثائق القومية، مركز تحقيق التراث، _c2000 |
|
| 300 |
_a3 مجلد ؛ _c27 سم |
||
| 336 |
_aنص _btxt _2rdacontent _3كتاب |
||
| 337 |
_aبدون وسيط _bn _2rdamedia |
||
| 338 |
_aمجلد _bnc _2rdacarrier |
||
| 490 | 1 | _aتراثنا | |
| 504 | _aيشتمل على إرجاعات ببليوجرافية. | ||
| 630 | 2 | 7 |
_aالقرآن _xالقراءات السبع _2aucut |
| 700 | 1 | 2 |
_iتحقيق لـ (عمل) : _aأبو علي الفارسي، الحسن بن أحمد بن عبد الغفار، _d288-377 هجري. _tالحجة في علل القراءات السبع |
| 700 | 1 |
_aناصف، علي النجدي، _d1898-1982 _eمحقق. |
|
| 700 | 1 |
_aالنجار، عبد الحليم، _dتوفي 1964 _eمحقق. |
|
| 700 | 1 |
_aشلبي، عبد الفتاح إسماعيل، _d1925- _eمحقق. |
|
| 700 | 1 |
_aالنجار، محمد علي، _d1895-1965 _eمراجع. |
|
| 730 | 2 | 2 | _aالقرآن |
| 830 | 0 | _aتراثنا (دار الكتب المصرية) | |
| 942 |
_2ddc _cBOOK _n0 |
||
| 949 |
_aSA-JeALM _d251222 _umohamedma123 _n1 |
||
| 999 |
_c13661 _d13661 |
||